| 000 | 00000nam 2200000zi 4500 |
| 001 | 9.931064 |
| 003 | CaOODSP |
| 005 | 20240527135432 |
| 006 | m o d f |
| 007 | cr ||||||||||| |
| 008 | 231201t20232023qucbd ob f000 0 eng d |
| 020 | |a9780660691442 |
| 040 | |aCaOODSP|beng|erda|cCaOODSP |
| 043 | |an-cn--- |
| 086 | 1 |aCW69-16/58-2023E-PDF |
| 100 | 1 |aCox, Amelia R., |eauthor. |
| 245 | 10|aPopulation status of migratory game birds in Canada - 2023 / |cAmelia Cox, Frédérique Tremblay, and Kristin Bianchini. |
| 264 | 1|a[Gatineau, Quebec] : |bEnvironment and Climate Change Canada = Environnement et Changement climatique Canada, |c[2023] |
| 264 | 4|c©2023 |
| 300 | |a1 online resource (v, 55 pages) : |bmaps, charts. |
| 336 | |atext|btxt|2rdacontent |
| 337 | |acomputer|bc|2rdamedia |
| 338 | |aonline resource|bcr|2rdacarrier |
| 490 | 1 |aCWS migratory birds regulatory report ; |vNo. 58 |
| 500 | |aCover title. |
| 500 | |aIssued also in French under title: Situation des populations d'oiseaux migrateurs considérés comme gibier au Canada - 2023. |
| 500 | |a"EC23227." |
| 504 | |aIncludes bibliographical references (pages 49-51). |
| 650 | 0|aMigratory birds|zCanada. |
| 710 | 2 |aCanadian Wildlife Service, |eissuing body. |
| 710 | 1 |aCanada. |bEnvironment and Climate Change Canada, |eissuing body. |
| 775 | 08|tSituation des populations d'oiseaux migrateurs considérés comme gibier au Canada - 2023 / |w(CaOODSP)9.931065 |
| 795 | |tPopulation status of migratory game birds in Canada - 2021.|w(CaOODSP)9.906277 |
| 830 | #0|aCWS migratory birds regulatory report ;|vNo. 58.|w(CaOODSP)9.505137 |
| 856 | 40|qPDF|s7.32 MB|uhttps://publications.gc.ca/collections/collection_2024/eccc/CW69-16-58-2023-eng.pdf |